=LDR 00000nam 2200000 4500 =001 INLIS000000000039017 =005 20220627093113 =035 ##$$a 0010-061300000039017 =008 220627################g##########0#ind## =041 ##$$a Ind =082 ##$$a 658.403 =090 ##$$a 658.403, Gas i =100 ##$$a Gaspersz, Vincent =245 1#$$a Integrited manajement problem solving : $b Panduan bagi praktisi bisnis dan industri /$c Vincent Gaspersz, Avanti Fontana =260 ##$$a Bogor :$b Vinchristo Publication,$c 2011 =300 ##$$a 135 hlm : $b ilus ; $c 22 cm =650 #4$$a Manajemen Konflik =700 #$$a Fontana, Avanti =850 ##$$a NBPNMAT =020 ##$$a 9786029941760 =084 ##$$a 658.403 GAS i =990 ##$$a 0001/BPAP-NTB/2015 =990 ##$$a 08080808 =990 ##$$a 21113201 =990 ##$$a 0001/BPAP-NTB/2015